Statistiques concernant Noms des ouvertures aux échecs

Cliquez ici pour prendre le quiz!

Statistiques générales

  • Ce quiz a été pris 32 fois
    (19 depuis la dernière actualisation)
  • Le résultat moyen est 5 sur 20

Statistiques - réponses

CoupAppellation de l'Ouverture% Correct
1.c4Ouverture anglaise
85%
1.g4
Début grob
69%
1.e4Début Ouvert
46%
1.Cf3Début Reti
38%
1.Ca3Attaque Durkin
31%
1.d4Ouverture du pion dame
31%
1.b3Attaque Nimsowitch-Larsen
23%
1.Cc3
Début Van Geet
23%
1.b4Ouverture de l'Orang-outang
23%
1.g3Ouverture du fianchetto-roi
23%
1.Ch3Ouverture Amar
15%
1.a3Ouverture Anderssen
15%
1.f3Ouverture Barnes
15%
1.h3Ouverture Clemenz
15%
1.a4Ouverture de la Baleine
15%
1.f4Ouverture de l'Oiseau
15%
1.c3Ouverture de Saragosse
15%
1.h4Ouverture Kádas
15%
1.d3Ouverture Mieses
15%
1.e3Ouverture Van't kruijs
15%

Distribution des résultats

Percentile par nombre de réponses

% des personnes avec chaque résultat

Votre développement - résultats

Vous n’avez pas pris ce quiz depuis la dernière actualisation